Normal view
MARC view
- Mazher Ul Haque
Entry Personal Name
001 - CONTROL NUMBER
- control field: 130278
003 - CONTROL NUMBER IDENTIFIER
- control field: NUST
005 - DATE AND TIME OF LATEST TRANSACTION
- control field: 20250805151820.0
008 - FIXED-LENGTH DATA ELEMENTS
- fixed length control field: 250805|| aca||aabn | a|a d
040 ## - CATALOGING SOURCE
- Original cataloging agency: NUST
- Transcribing agency: NUST
100 ## - HEADING--PERSONAL NAME
- Personal name: Mazher Ul Haque
670 ## - SOURCE DATA FOUND
- Source citation: Work cat.: (NUST)614435: Mazher Ul Haque, Political Science :, 2003
